[Event "1st League CS 2011"]
[Site "Kraljevo"]
[Date "2011.09.21"]
[Round "6.1"]
[White "Pantelic, Sasa"]
[Black "Vratonjic, Slobo"]
[Result "0-1"]
[WhiteElo "2334"]
[BlackElo "2396"]
[PlyCount "84"]
[EventDate "2011.09.17"]

1. d4 Nf6 2. c4 e6 3. Nc3 Bb4 4. Bg5 c5 5. d5 h6 6. Bh4 d6 7. e3 Bxc3+ 8. bxc3
Qe7 9. Nf3 Nbd7 10. Bd3 Nb6 11. O-O exd5 12. cxd5 Nbxd5 13. Bb5+ Kf8 14. Qc2
Nc7 15. Bd3 d5 16. Rfe1 c4 17. Bf5 Bxf5 18. Qxf5 Qe4 19. Qh3 Nce8 20. Red1 Qe6
21. Bxf6 Nxf6 22. Qg3 Re8 23. Qc7 Qe7 24. Qa5 b6 25. Qb5 Qa3 26. Rdc1 g6 27.
Nd2 Kg7 28. e4 Nxe4 29. Qxd5 Nxd2 30. Qd4+ Kh7 31. Qxd2 Re4 32. Qd5 Qe7 33. f3
Re2 34. Qxc4 Rd8 35. Kh1 Rdd2 36. Rg1 Kg7 37. a4 Qg5 38. Qg4 Qxg4 39. fxg4 Ra2
40. Rad1 Rxa4 41. Rd7 Rea2 42. Rf1 Rf4 0-1

[Event "1st League CS 2011"]
[Site "Kraljevo"]
[Date "2011.09.21"]
[Round "6.1"]
[White "Ivanov, Mikhail M"]
[Black "Rabrenovic, Vladan"]
[Result "1/2-1/2"]
[WhiteElo "2396"]
[BlackElo "2378"]
[PlyCount "71"]
[EventDate "2011.09.17"]

1. c4 Nf6 2. Nc3 d5 3. cxd5 Nxd5 4. Nf3 g6 5. Qa4+ Bd7 6. Qh4 Nxc3 7. bxc3 Nc6
8. d4 e5 9. Bg5 Be7 10. Bxe7 Qxe7 11. Qxe7+ Kxe7 12. d5 Na5 13. Nxe5 Bb5 14. e4
Bxf1 15. Rxf1 Rhe8 16. O-O-O Kf8 17. f4 f6 18. Nd7+ Ke7 19. Nc5 Kd6 20. Ne6 Nc4
21. Rf3 c6 22. g4 cxd5 23. exd5 Rac8 24. Kc2 b5 25. Rd4 a5 26. Kb3 Re7 27. f5
Ne5 28. Rf1 g5 29. h4 h6 30. hxg5 hxg5 31. Rh1 Rc4 32. Rh8 a4+ 33. Kc2 Nxg4 34.
Rb8 Rxd4 35. Nxd4 Kxd5 36. Rxb5+ 1/2-1/2

[Event "1st League CS 2011"]
[Site "Kraljevo"]
[Date "2011.09.21"]
[Round "6.1"]
[White "Kojovic, Dragan"]
[Black "Misojcic, Miroslav"]
[Result "1-0"]
[WhiteElo "2367"]
[BlackElo "2242"]
[PlyCount "73"]
[EventDate "2011.09.17"]

1. e4 c5 2. Nc3 Nc6 3. f4 e6 4. Nf3 d5 5. Bb5 Nf6 6. d3 Bd7 7. Bxc6 Bxc6 8. Ne5
Rc8 9. O-O dxe4 10. Nxc6 Rxc6 11. dxe4 Qd4+ 12. Kh1 Be7 13. Qe2 Qb4 14. a3 Qb6
15. Be3 O-O 16. b4 Rcc8 17. e5 Nd7 18. Rad1 Qc6 19. b5 Qc7 20. Ne4 Nb6 21. c4
Rfd8 22. Rc1 Rd7 23. Rc3 Na4 24. Rb3 Rcd8 25. Bg1 f6 26. Rg3 Kh8 27. Qc2 Nb6
28. a4 a5 29. Rh3 Bf8 30. Ng5 g6 31. Ne4 Nc8 32. Bf2 Kg7 33. Bh4 Ne7 34. Bxf6+
Kg8 35. Qf2 Rd4 36. Nd6 Rd7 37. Qh4 1-0

[Event "1st League CS 2011"]
[Site "Kraljevo"]
[Date "2011.09.21"]
[Round "6.1"]
[White "Urosevic, Zoran"]
[Black "Sredojevic, Ivan"]
[Result "0-1"]
[WhiteElo "2269"]
[BlackElo "2426"]
[PlyCount "106"]
[EventDate "2011.09.17"]

1. e4 c5 2. Nf3 a6 3. c4 e6 4. Nc3 d6 5. g3 Nc6 6. d4 cxd4 7. Nxd4 Nf6 8. Bg2
Bd7 9. O-O Rc8 10. Nxc6 Bxc6 11. Qd3 Be7 12. b3 O-O 13. Bb2 Qc7 14. Rac1 Qb8
15. Rfe1 Rfe8 16. Ne2 b5 17. Nd4 bxc4 18. Rxc4 Bb7 19. Rxc8 Rxc8 20. Rc1 Rxc1+
21. Bxc1 Qa8 22. f3 Bf8 23. Qc3 Qb8 24. Ne2 h6 25. Be3 e5 26. Qc1 d5 27. exd5
Bxd5 28. h3 Qb7 29. Kf2 Bc6 30. g4 Nd5 31. Bc5 Nb4 32. Bxb4 Bxb4 33. Qe3 Qe7
34. Kg3 Bc5 35. Qd2 e4 36. fxe4 Qf6 37. Bf3 Bxe4 38. Qc3 Qd6+ 39. Kg2 Qd1 40.
Kg3 Bxf3 41. Qxc5 Bb7 42. Qb4 Bc6 43. Qc3 Bb7 44. Qb4 Qh1 45. Kf2 Qg2+ 46. Ke1
Bf3 47. Qb8+ Kh7 48. Qe5 Be4 49. Kd2 Bg6 50. Qe3 Qf1 51. Nf4 Qb1 52. a4 Qb2+
53. Ke1 Bc2 0-1

[Event "1st League CS 2011"]
[Site "Kraljevo"]
[Date "2011.09.21"]
[Round "6.1"]
[White "Lazic, Dragoljub"]
[Black "Lazic, Zeljko"]
[Result "1/2-1/2"]
[WhiteElo "2295"]
[BlackElo "2211"]
[PlyCount "71"]
[EventDate "2011.09.17"]

1. e4 g6 2. d4 Bg7 3. c3 c6 4. f4 d5 5. e5 Nh6 6. Nf3 Bg4 7. h3 Bf5 8. Bd3 Bxd3
9. Qxd3 Nf5 10. Kf2 h5 11. g3 Qd7 12. Kg2 Na6 13. Be3 Nc7 14. Nbd2 Bh6 15. Rhf1
Ne6 16. Ng5 Bxg5 17. fxg5 b6 18. Nf3 c5 19. g4 c4 20. Qe2 hxg4 21. hxg4 Nh4+
22. Nxh4 Rxh4 23. Rh1 Rxh1 24. Rxh1 O-O-O 25. Rh7 Rf8 26. b3 Nc7 27. Bc1 Qc6
28. Qf3 Qe6 29. Kg3 b5 30. Ba3 Kd7 31. Rh2 Qc6 32. Bb4 Ne6 33. Qe3 Qc7 34. Qf3
Qc6 35. Qe3 Ra8 36. Rf2 1/2-1/2

[Event "1st League CS 2011"]
[Site "Kraljevo"]
[Date "2011.09.21"]
[Round "6.2"]
[White "Raicevic, Momcilo"]
[Black "Markovic, Zoran S"]
[Result "1-0"]
[WhiteElo "2379"]
[BlackElo "2364"]
[PlyCount "87"]
[EventDate "2011.09.17"]

1. c4 e6 2. g3 Nf6 3. Bg2 d5 4. Nf3 Be7 5. b3 O-O 6. Bb2 c5 7. O-O Nc6 8. cxd5
Nxd5 9. d4 Bf6 10. e4 Ndb4 11. e5 Be7 12. a3 Na6 13. Qc2 Nxd4 14. Nxd4 cxd4 15.
Rd1 Bc5 16. Nc3 Qe7 17. Ne4 Rb8 18. b4 Bb6 19. Bxd4 Bxd4 20. Rxd4 Bd7 21. Nd6
Bc6 22. Bxc6 bxc6 23. Qxc6 Nc7 24. Ne4 Nd5 25. Nc3 Nb6 26. Rad1 Rbc8 27. Qf3
Nc4 28. Nb5 Nxe5 29. Qe4 Qf6 30. h4 Nc6 31. Rd6 a6 32. Nd4 Nb8 33. Qe3 Qg6 34.
a4 Rc4 35. b5 Rxa4 36. Nc6 Nxc6 37. bxc6 h6 38. c7 Qc2 39. Rd7 Qc6 40. Rd8 Ra2
41. Rxf8+ Kh7 42. Qd3+ f5 43. Qd5 Qb6 44. Kh1 1-0

[Event "1st League CS 2011"]
[Site "Kraljevo"]
[Date "2011.09.21"]
[Round "6.2"]
[White "Nestorovic, Dejan"]
[Black "Jovanovic, Nenad R"]
[Result "1-0"]
[WhiteElo "2390"]
[BlackElo "2338"]
[PlyCount "73"]
[EventDate "2011.09.17"]

1. d4 Nf6 2. c4 e6 3. Nf3 c5 4. d5 b5 5. Bg5 exd5 6. cxd5 d6 7. e4 a6 8. a4 Be7
9. Bxf6 Bxf6 10. Qc2 b4 11. Nbd2 Nd7 12. a5 Ne5 13. Nxe5 Bxe5 14. Nc4 Bd4 15.
Bd3 g6 16. O-O O-O 17. Rae1 Ra7 18. Kh1 Re8 19. f4 Bg7 20. Qf2 Bf8 21. Re3 Bg7
22. Qf3 Bb7 23. Rfe1 Ba8 24. R3e2 Bd4 25. Nb6 Qf6 26. e5 dxe5 27. fxe5 Qxf3 28.
gxf3 Rd8 29. Bc4 Kg7 30. f4 Bb7 31. Kg2 Bc8 32. Nxc8 Rxc8 33. d6 h6 34. h4 Rd8
35. Kf3 Raa8 36. Ke4 f6 37. Kd5 1-0

[Event "1st League CS 2011"]
[Site "Kraljevo"]
[Date "2011.09.21"]
[Round "6.2"]
[White "Organdziev, Oliver"]
[Black "Lukic, Dragan M"]
[Result "1-0"]
[WhiteElo "2300"]
[BlackElo "2307"]
[PlyCount "96"]
[EventDate "2011.09.17"]

1. e4 Nf6 2. Nc3 d5 3. e5 Nfd7 4. d4 c5 5. f4 e6 6. Nf3 Nc6 7. Be3 Be7 8. Qd2
a6 9. O-O-O c4 10. f5 b5 11. a3 b4 12. axb4 Bxb4 13. Qf2 Bxc3 14. bxc3 Qa5 15.
Kd2 Nb6 16. Bg5 exf5 17. h4 h6 18. Bf4 Nd8 19. Be2 Ne6 20. g3 Na4 21. Qe3 Nc7
22. e6 Bxe6 23. Bxc7 Qxc7 24. Ra1 Nb6 25. Ra5 O-O 26. Rha1 Rae8 27. Qe5 Qc6 28.
Rc5 Qa8 29. Rca5 Nd7 30. Qe3 Nb8 31. Ne5 f6 32. Nf3 Qc6 33. h5 Bf7 34. Qf2 Bxh5
35. Ng1 Bf7 36. Qxf5 Re7 37. Bf3 Rd8 38. Ne2 g6 39. Qh3 Kg7 40. Rh1 Rh8 41. Nf4
Rd7 42. Rc5 Qb7 43. Rxc4 Nc6 44. Rc5 Ne7 45. Be2 a5 46. Rb1 Qxb1 47. Qxd7 Re8
48. Ne6+ Kg8 1-0

[Event "1st League CS 2011"]
[Site "Kraljevo"]
[Date "2011.09.21"]
[Round "6.2"]
[White "Nesic, Dragisa"]
[Black "Prelevic, Dusko"]
[Result "0-1"]
[WhiteElo "2126"]
[BlackElo "2311"]
[PlyCount "92"]
[EventDate "2011.09.17"]

1. Nf3 c5 2. b3 Nc6 3. Bb2 d6 4. d4 cxd4 5. Nxd4 Bd7 6. e3 Nf6 7. Be2 e6 8. c4
a6 9. O-O Be7 10. Bf3 Qc7 11. Nc3 Ne5 12. Be2 O-O 13. Rc1 Rac8 14. Nf3 Ng6 15.
Qd4 Rfd8 16. Rfd1 Qb8 17. Ne4 Ne8 18. h4 h6 19. h5 Nf8 20. Nh2 Bc6 21. Bf3 d5
22. cxd5 Rxd5 23. Qc3 Rxd1+ 24. Bxd1 Bd7 25. Qd4 Rxc1 26. Bxc1 Qc7 27. Bb2 f5
28. Ng3 Qa5 29. Qc3 Qxa2 30. Qc1 Bf6 31. Bxf6 Nxf6 32. Nf3 Qa5 33. Be2 Bb5 34.
Nd4 Bxe2 35. Ndxe2 Qb5 36. Qc2 Qa5 37. Qc1 Qb4 38. Qd1 Kh7 39. Nd4 Qd6 40. Qc2
Qd5 41. Qc7 Kg8 42. Qb8 f4 43. Nf1 fxe3 44. fxe3 Nxh5 45. Kf2 Nf6 46. Qc7 Ng4+
0-1

[Event "1st League CS 2011"]
[Site "Kraljevo"]
[Date "2011.09.21"]
[Round "6.2"]
[White "Dudukovic, Nikola"]
[Black "Nikolajevic, Branislav"]
[Result "1-0"]
[WhiteElo "2252"]
[BlackElo "2176"]
[PlyCount "159"]
[EventDate "2011.09.17"]

1. e4 c5 2. Nc3 Nc6 3. g3 Rb8 4. Bg2 b5 5. d3 g6 6. f4 b4 7. Nce2 d6 8. Nf3 Bg7
9. O-O Nf6 10. h3 O-O 11. g4 Ne8 12. Ng3 Nd4 13. Kh2 Nc7 14. Nxd4 Bxd4 15. g5
Nb5 16. Ne2 Bh8 17. Bf3 f5 18. gxf6 Bxf6 19. Rg1 Kh8 20. Bg4 Nd4 21. Rf1 a5 22.
Rb1 Bxg4 23. hxg4 Qd7 24. Nxd4 Bxd4 25. Bd2 Qe6 26. b3 d5 27. exd5 Qxd5 28. Qf3
Qxf3 29. Rxf3 a4 30. Re1 axb3 31. axb3 Ra8 32. Be3 Ra2 33. Bxd4+ cxd4 34. Rf2
Rc8 35. Ree2 Rc7 36. Kg3 Kg7 37. Kf3 Ra5 38. Re4 Rd5 39. Rfe2 Kf7 40. g5 Kf8
41. Re6 Rb5 42. Ke4 Rd7 43. Rc6 Kf7 44. Rc4 e5 45. fxe5 Rxe5+ 46. Kxe5 Re7+ 47.
Kxd4 Rxe2 48. Rxb4 Rxc2 49. Rb5 Ke6 50. b4 Rg2 51. Rc5 Kd6 52. Kc3 Rg3 53. Kc4
Rg1 54. Ra5 Rg2 55. d4 Rc2+ 56. Kd3 Rb2 57. Kc3 Rg2 58. Re5 Rg1 59. b5 Rc1+ 60.
Kd2 Rb1 61. Rc5 Rb3 62. Kc2 Rb4 63. Kc3 Rb1 64. Kd3 Rd1+ 65. Kc4 Rc1+ 66. Kb4
Rd1 67. Kc4 Rc1+ 68. Kb3 Rd1 69. Rc4 Rg1 70. Ka4 Rxg5 71. b6 Rg1 72. Kb5 Rb1+
73. Rb4 Ra1 74. Ra4 Rb1+ 75. Ka6 g5 76. b7 g4 77. Ra5 g3 78. Rg5 Kc7 79. Rg7+
Kc6 80. Ka7 1-0

[Event "1st League CS 2011"]
[Site "Kraljevo"]
[Date "2011.09.21"]
[Round "6.3"]
[White "Mitrovic, Darko R"]
[Black "Ratkovic, Milovan"]
[Result "1-0"]
[WhiteElo "2303"]
[BlackElo "2177"]
[PlyCount "121"]
[EventDate "2011.09.17"]

1. e4 c6 2. d4 d5 3. Nd2 dxe4 4. Nxe4 Bf5 5. Ng3 Bg6 6. Nf3 Nf6 7. h4 h6 8. h5
Bh7 9. Bd3 Bxd3 10. Qxd3 e6 11. Bd2 c5 12. O-O-O Nc6 13. Ne4 cxd4 14. Rhe1 Be7
15. Qb5 Qb6 16. Qxb6 axb6 17. Nxf6+ Bxf6 18. Kb1 O-O-O 19. Bf4 Rd5 20. g4 Rhd8
21. Re4 Rb5 22. Kc1 Nb4 23. Kb1 Nd5 24. Kc1 Nb4 25. Kb1 Nd5 26. Kc1 Nxf4 27.
Rxf4 Rd7 28. Rd3 Rbd5 29. Re4 Kc7 30. Kd2 Rb5 31. Rb3 Rxb3 32. axb3 Kd6 33. Kd3
e5 34. Re1 Kd5 35. Nd2 Rd8 36. Ra1 Bg5 37. Ne4 f5 38. gxf5 Rf8 39. c4+ dxc3 40.
Nxc3+ Kc5 41. Ne4+ Kb4 42. Nxg5 hxg5 43. Ke4 Kxb3 44. Ra7 Rf7 45. Kxe5 Kxb2 46.
h6 gxh6 47. Ke6 Rc7 48. f6 Rc2 49. Rxb7 Rxf2 50. Rxb6+ Kc3 51. f7 Kd4 52. Ke7
Kd5 53. Rxh6 Re2+ 54. Kf6 Rf2+ 55. Kg7 Ke5 56. Rg6 Rf5 57. f8=Q Rxf8 58. Kxf8
Kf4 59. Kg7 g4 60. Kh6 g3 61. Kh5 1-0

[Event "1st League CS 2011"]
[Site "Kraljevo"]
[Date "2011.09.21"]
[Round "6.3"]
[White "Civric, Zdravko"]
[Black "Djokic, Vladan"]
[Result "0-1"]
[WhiteElo "2203"]
[BlackElo "2299"]
[PlyCount "84"]
[EventDate "2011.09.17"]

1. e4 d5 2. exd5 Nf6 3. d4 Nxd5 4. c4 Nb6 5. Nc3 g6 6. Be3 Bg7 7. Qd2 O-O 8.
Be2 Nc6 9. O-O-O e5 10. d5 Nd4 11. Bxd4 exd4 12. Ne4 c6 13. dxc6 bxc6 14. h4
Qe7 15. Ng3 Be6 16. Qc2 Rab8 17. Bd3 Qc5 18. b3 Qa3+ 19. Kd2 Rfe8 20. Nf3 Bg4
21. Rb1 Bh6+ 22. Kd1 Re6 23. h5 Rbe8 24. hxg6 hxg6 25. Ne2 Bg7 26. Rh4 Bxf3 27.
gxf3 Qe7 28. Rh3 Nd7 29. Kd2 Qg5+ 30. f4 Qg4 31. Rg3 Rxe2+ 32. Bxe2 Rxe2+ 33.
Kd1 Rxc2+ 34. Rxg4 Rxf2 35. Rc1 Rxa2 36. b4 Nf6 37. Rg3 Ne4 38. b5 cxb5 39. c5
Nxg3 40. c6 Nf5 41. c7 Ne7 42. Rc6 Ra4 0-1

[Event "1st League CS 2011"]
[Site "Kraljevo"]
[Date "2011.09.21"]
[Round "6.3"]
[White "Djukic, Stevan"]
[Black "Ratkovic, Miloje"]
[Result "0-1"]
[WhiteElo "2226"]
[BlackElo "2135"]
[PlyCount "70"]
[EventDate "2011.09.17"]

1. b4 d5 2. Bb2 Nf6 3. e3 Bf5 4. Nf3 e6 5. b5 Bd6 6. Be2 Qe7 7. Ne5 Nfd7 8.
Nxd7 Nxd7 9. O-O O-O 10. f4 Bg6 11. c4 dxc4 12. Bxc4 Nb6 13. Be2 f6 14. a4 e5
15. a5 Nd7 16. f5 Bf7 17. d3 a6 18. Nc3 Bb4 19. Bf3 axb5 20. Nd5 Bxd5 21. Bxd5+
Kh8 22. Bxb7 Rxa5 23. Bc6 Rxa1 24. Bxa1 Rb8 25. Qb3 Bd6 26. d4 Rb6 27. Rc1 exd4
28. Bxd4 Rb8 29. Bxb5 c5 30. Bb2 Ne5 31. Qa4 Nd3 32. Bxd3 Qxe3+ 33. Kh1 Rxb2
34. Qa8+ Rb8 35. Qa3 c4 0-1

[Event "1st League CS 2011"]
[Site "Kraljevo"]
[Date "2011.09.21"]
[Round "6.4"]
[White "Bojkov, Dejan"]
[Black "Radulski, Julian"]
[Result "1/2-1/2"]
[WhiteElo "2541"]
[BlackElo "2572"]
[PlyCount "51"]
[EventDate "2011.09.17"]

1. e4 e5 2. Nf3 Nc6 3. Bc4 Nf6 4. d3 Be7 5. O-O O-O 6. Re1 d6 7. c3 Na5 8. Bb5
a6 9. Ba4 b5 10. Bc2 c5 11. Nbd2 Re8 12. Nf1 h6 13. Ng3 Nc6 14. h3 Be6 15. d4
cxd4 16. cxd4 exd4 17. Nxd4 Nxd4 18. Qxd4 Rc8 19. Bb3 Bxb3 20. axb3 d5 21. e5
Bc5 22. Qf4 Ne4 23. Nxe4 dxe4 24. Qxe4 Qd4 25. Qxd4 Bxd4 26. Rxa6 1/2-1/2

[Event "1st League CS 2011"]
[Site "Kraljevo"]
[Date "2011.09.21"]
[Round "6.4"]
[White "Arsovic, Zoran"]
[Black "Rajkovic, Dusan"]
[Result "1/2-1/2"]
[WhiteElo "2444"]
[BlackElo "2415"]
[PlyCount "38"]
[EventDate "2011.09.17"]

1. Nf3 Nf6 2. c4 e6 3. g3 b6 4. Bg2 Bb7 5. O-O c5 6. Nc3 Be7 7. d4 cxd4 8. Qxd4
d6 9. Bg5 a6 10. Bxf6 Bxf6 11. Qd3 Ra7 12. Rfd1 Bxf3 13. exf3 Rd7 14. f4 g6 15.
Rd2 O-O 16. Ne4 Be7 17. Rad1 Qc7 18. Qd4 d5 19. cxd5 Rxd5 1/2-1/2

[Event "1st League CS 2011"]
[Site "Kraljevo"]
[Date "2011.09.21"]
[Round "6.4"]
[White "Ristic, Nenad"]
[Black "Marinkovic, Ivan"]
[Result "0-1"]
[WhiteElo "2420"]
[BlackElo "2425"]
[PlyCount "72"]
[EventDate "2011.09.17"]

1. e4 Nf6 2. e5 Nd5 3. d4 d6 4. Nf3 dxe5 5. Nxe5 g6 6. Bc4 c6 7. Nc3 Be6 8. Ne4
Nc7 9. c3 Bxc4 10. Nxc4 Bg7 11. O-O O-O 12. Re1 Qd5 13. Qe2 Ne6 14. h4 b5 15.
Na5 Nd7 16. Nb3 a5 17. Ng5 Nxg5 18. Bxg5 a4 19. Nd2 e5 20. dxe5 Nxe5 21. Ne4 f5
22. Ng3 f4 23. Ne4 f3 24. Qd1 fxg2 25. f4 Nd3 26. Re3 Nxb2 27. Qe2 Nc4 28. Rd3
Qf5 29. Ng3 Qc5+ 30. Kxg2 Rae8 31. Qg4 Ne3+ 32. Rxe3 Rxe3 33. f5 Qd5+ 34. Kh3
gxf5 35. Qf4 Rf3 36. Qb4 f4 0-1

[Event "1st League CS 2011"]
[Site "Kraljevo"]
[Date "2011.09.21"]
[Round "6.4"]
[White "Djokic, Nenad"]
[Black "Arsovic, Goran"]
[Result "1/2-1/2"]
[WhiteElo "2362"]
[BlackElo "2409"]
[PlyCount "90"]
[EventDate "2011.09.17"]

1. d4 Nf6 2. c4 g6 3. Nc3 Bg7 4. e4 d6 5. h3 O-O 6. Be3 e5 7. d5 Na6 8. g4 c6
9. Bd3 h5 10. f3 Nh7 11. Qd2 h4 12. O-O-O cxd5 13. cxd5 Bf6 14. Rf1 Nc5 15. Bc2
Qe7 16. Kb1 Nd7 17. Nge2 Bg5 18. Nd1 Nc5 19. Nec3 a5 20. Bxg5 Nxg5 21. Ne3 Bd7
22. Qe1 Nh7 23. Ng2 g5 24. Qe2 Rfb8 25. Bd3 Nf8 26. Bb5 Ng6 27. Rc1 a4 28. Bxd7
Qxd7 29. Qb5 Qd8 30. Nd1 Ra5 31. Qe2 b5 32. Nde3 Ra7 33. Rc2 Rc7 34. Rhc1 Qd7
35. Nd1 f6 36. Nf2 Rbc8 37. Nd3 Na6 38. Ne3 Ne7 39. Qd2 Nc5 40. Nxc5 Rxc5 41.
Rxc5 dxc5 42. d6 Kh7 43. Rd1 Nc6 44. Qd5 Nb4 45. Qd2 Nc6 1/2-1/2

[Event "1st League CS 2011"]
[Site "Kraljevo"]
[Date "2011.09.21"]
[Round "6.4"]
[White "Simonovic, Aleksandar"]
[Black "Radusinovic, Lazar"]
[Result "1/2-1/2"]
[WhiteElo "2401"]
[BlackElo "2308"]
[PlyCount "82"]
[EventDate "2011.09.17"]

1. c4 e5 2. Nc3 d6 3. Nf3 Be7 4. d4 exd4 5. Nxd4 Nf6 6. g3 O-O 7. Bg2 c6 8. O-O
Qa5 9. Bf4 Ng4 10. e4 Ne5 11. Nb3 Qc7 12. Nd2 Bg4 13. Qc2 Qc8 14. c5 Nbd7 15.
h3 Be6 16. cxd6 Bxd6 17. Be3 Nb6 18. Kh2 Nbc4 19. Nxc4 Nxc4 20. Bc1 Qc7 21. b3
Nb6 22. Bb2 Rad8 23. f4 f6 24. Rae1 Bf7 25. Qf2 Nd7 26. Rd1 Bh5 27. Rd2 Be7 28.
Bf3 Bxf3 29. Qxf3 Nc5 30. Rfd1 Rxd2+ 31. Rxd2 Rd8 32. Qd1 Rxd2+ 33. Qxd2 Qd8
34. Qxd8+ Bxd8 35. Bc1 Bb6 36. Kg2 Nd3 37. Bd2 Ba5 38. Nb1 Bxd2 39. Nxd2 Nb4
40. a4 Kf8 41. Kf3 Ke7 1/2-1/2

[Event "1st League CS 2011"]
[Site "Kraljevo"]
[Date "2011.09.21"]
[Round "6.5"]
[White "Raicevic, Ivica"]
[Black "Mista, Aleksander"]
[Result "0-1"]
[WhiteElo "2282"]
[BlackElo "2561"]
[PlyCount "98"]
[EventDate "2011.09.17"]

1. c4 Nf6 2. Nc3 d5 3. cxd5 Nxd5 4. g3 g6 5. Bg2 Nb6 6. Nf3 Bg7 7. O-O O-O 8.
d3 c6 9. Be3 N8d7 10. Qc2 Nf6 11. a3 Re8 12. Rab1 e5 13. Bg5 h6 14. Bxf6 Qxf6
15. b4 Qe7 16. Nd2 Be6 17. Nb3 Nd5 18. Nc5 Nxc3 19. Qxc3 e4 20. d4 Bd5 21. e3
h5 22. a4 h4 23. Rfc1 Bf8 24. b5 hxg3 25. hxg3 cxb5 26. axb5 Qg5 27. b6 a6 28.
Qa5 Qf5 29. Rc2 Rad8 30. Na4 Re6 31. Rbc1 Kg7 32. Rc7 Rf6 33. Qd2 Bd6 34. R7c5
Bxc5 35. Rxc5 Rc8 36. Qb2 Rfc6 37. Qb4 Qe6 38. Nc3 Rxb6 39. Qa5 Rxc5 40. Qxc5
Rc6 41. Qxd5 Rxc3 42. Qxb7 Rc1+ 43. Kh2 Qf5 44. Qb2 Qh5+ 45. Bh3 Qd1 46. d5+
Kh7 47. Bg2 Rc2 48. Qf6 Qh5+ 49. Kg1 Qf5 0-1

[Event "1st League CS 2011"]
[Site "Kraljevo"]
[Date "2011.09.21"]
[Round "6.5"]
[White "Nestorovic, Nikola"]
[Black "Dmitrovic, Tomislav"]
[Result "1/2-1/2"]
[WhiteElo "2464"]
[BlackElo "2295"]
[PlyCount "46"]
[EventDate "2011.09.17"]

1. e4 d6 2. d4 Nf6 3. Nc3 g6 4. f4 Bg7 5. Nf3 O-O 6. Bd3 Nc6 7. e5 dxe5 8. fxe5
Nh5 9. Be3 Nb4 10. Bc4 c6 11. Rg1 Be6 12. Bxe6 fxe6 13. Ng5 Qd7 14. Qd2 Bh6 15.
g4 Nf4 16. Nce4 Nbd5 17. O-O-O Nh3 18. Rg3 Nxe3 19. Qxe3 Nxg5 20. Nxg5 Qd5 21.
b3 Rf7 22. Kb2 Raf8 23. h4 Rf4 1/2-1/2

[Event "1st League CS 2011"]
[Site "Kraljevo"]
[Date "2011.09.21"]
[Round "6.5"]
[White "Mijailovic, Zoran"]
[Black "Trifunovic, Miroljub"]
[Result "1-0"]
[WhiteElo "2414"]
[BlackElo "2305"]
[PlyCount "51"]
[EventDate "2011.09.17"]

1. d4 d5 2. c4 e6 3. Nc3 Be7 4. Nf3 Nf6 5. Bg5 h6 6. Bxf6 Bxf6 7. e3 O-O 8. Rc1
c6 9. Bd3 Nd7 10. O-O dxc4 11. Bxc4 e5 12. h3 exd4 13. exd4 Nb6 14. Bb3 Re8 15.
Re1 Bf5 16. Rxe8+ Qxe8 17. Qd2 Qd7 18. Re1 Rd8 19. Qf4 Be6 20. Bxe6 fxe6 21.
Qg4 Re8 22. Ne4 Be7 23. Ne5 Qc8 24. Re3 Rd8 25. Rg3 g5 26. Qh5 1-0

[Event "1st League CS 2011"]
[Site "Kraljevo"]
[Date "2011.09.21"]
[Round "6.5"]
[White "Zafirovski, Mite"]
[Black "Lapcevic, Milos"]
[Result "1/2-1/2"]
[WhiteElo "2239"]
[BlackElo "2420"]
[PlyCount "60"]
[EventDate "2011.09.17"]

1. d4 Nf6 2. c4 e6 3. g3 d5 4. Bg2 Bb4+ 5. Bd2 Be7 6. Nf3 O-O 7. O-O c6 8. Bf4
b6 9. Qb3 Ba6 10. Nbd2 Nbd7 11. Rfd1 b5 12. cxd5 cxd5 13. Rdc1 Qb6 14. Bc7 Qb7
15. Bf4 Rfc8 16. Qd1 Nb6 17. Ne5 Nfd7 18. Nxd7 Qxd7 19. Nf3 f6 20. h4 Nc4 21.
Rc2 b4 22. Rac1 Bb5 23. Bh3 a5 24. b3 Nd6 25. Bxd6 Bxd6 26. Ne1 Rxc2 27. Qxc2
f5 28. e3 Qa7 29. Bf1 Bd7 30. Nd3 a4 1/2-1/2

[Event "1st League CS 2011"]
[Site "Kraljevo"]
[Date "2011.09.21"]
[Round "6.5"]
[White "Jesic, Dusan"]
[Black "Turudic, Nenad"]
[Result "1/2-1/2"]
[WhiteElo "2365"]
[BlackElo "2192"]
[PlyCount "45"]
[EventDate "2011.09.17"]

1. d4 Nf6 2. c4 e6 3. Nf3 d5 4. e3 a6 5. Nc3 c5 6. a3 dxc4 7. Bxc4 b5 8. Bd3
Bb7 9. O-O Nbd7 10. Qe2 Be7 11. Rd1 Qc7 12. e4 cxd4 13. Nxd4 Bc5 14. Be3 Rc8
15. Rac1 Qb8 16. b4 Bd6 17. g3 Ne5 18. Nb3 O-O 19. Bb1 Nc4 20. Bc5 Bxc5 21.
Nxc5 e5 22. a4 Na3 23. axb5 1/2-1/2

[Event "1st League CS 2011"]
[Site "Kraljevo"]
[Date "2011.09.21"]
[Round "6.6"]
[White "Milanovic, Slavisa"]
[Black "Simantsev, Mikhail"]
[Result "1/2-1/2"]
[WhiteElo "2411"]
[BlackElo "2549"]
[PlyCount "23"]
[EventDate "2011.09.17"]

1. d4 Nf6 2. c4 e6 3. Nc3 Bb4 4. e3 c5 5. Nf3 O-O 6. Bd3 cxd4 7. exd4 d5 8. O-O
dxc4 9. Bxc4 b6 10. Bg5 Bb7 11. Ne5 Be7 12. Qe2 1/2-1/2

[Event "1st League CS 2011"]
[Site "Kraljevo"]
[Date "2011.09.21"]
[Round "6.6"]
[White "Sandic, Vladeta"]
[Black "Milosevic, Aleksandar"]
[Result "1/2-1/2"]
[WhiteElo "2334"]
[BlackElo "2275"]
[PlyCount "92"]
[EventDate "2011.09.17"]

1. d4 Nf6 2. c4 e6 3. Nc3 Bb4 4. Qc2 c5 5. dxc5 Bxc5 6. Nf3 b6 7. Bg5 Be7 8. e4
h6 9. Bf4 g5 10. Bg3 g4 11. Nd4 Nh5 12. Be2 Nxg3 13. hxg3 Qc7 14. O-O-O Qc5 15.
Kb1 Na6 16. Bxg4 Qxc4 17. Be2 Qc7 18. Rh5 Bb7 19. Ndb5 Qc6 20. Bf3 d6 21. Qd2
Nc5 22. Nxd6+ Qxd6 23. Qxd6 Bxd6 24. Rxd6 Ke7 25. Rd1 Rad8 26. Rhh1 Ba6 27. b4
Nd7 28. Be2 Bxe2 29. Nxe2 Ne5 30. Nd4 Rc8 31. b5 Rc4 32. f4 Rd8 33. Nc2 Nd3 34.
e5 Rd5 35. Ne3 Rxb5+ 36. Ka1 Nb4 37. Rc1 Re4 38. Nc2 Nd5 39. Rhe1 Ra4 40. Ne3
Nb4 41. Re2 Rba5 42. Rc7+ Kd8 43. Rxf7 Rxa2+ 44. Rxa2 Rxa2+ 45. Kb1 Re2 46. Nc4
Rxg2 1/2-1/2

[Event "1st League CS 2011"]
[Site "Kraljevo"]
[Date "2011.09.21"]
[Round "6.6"]
[White "Brankovic, Dejan"]
[Black "Nikolic, Dragovan"]
[Result "1/2-1/2"]
[WhiteElo "2341"]
[BlackElo "2262"]
[PlyCount "41"]
[EventDate "2011.09.17"]

1. e4 c5 2. Nf3 Nc6 3. d4 cxd4 4. Nxd4 g6 5. c4 Bg7 6. Be3 Nf6 7. Nc3 O-O 8.
Be2 d6 9. O-O Bd7 10. Nc2 a5 11. Qd2 Nb4 12. Na3 Bc6 13. f3 Nd7 14. Rfd1 Nc5
15. Nab5 a4 16. Rac1 Qa5 17. Bd4 Bxd4+ 18. Nxd4 Qb6 19. Kh1 Ncd3 20. Bxd3 Qxd4
21. Nd5 1/2-1/2

[Event "1st League CS 2011"]
[Site "Kraljevo"]
[Date "2011.09.21"]
[Round "6.6"]
[White "Sorgic, Dragan"]
[Black "Cvetanovic, Uros"]
[Result "1-0"]
[WhiteElo "2242"]
[BlackElo "2236"]
[PlyCount "95"]
[EventDate "2011.09.17"]

1. d4 Nf6 2. Nc3 d5 3. Bg5 h6 4. Bxf6 exf6 5. e3 c6 6. Bd3 f5 7. Qf3 g6 8. h4
Bg7 9. h5 Qf6 10. hxg6 fxg6 11. Nge2 Na6 12. Bxa6 bxa6 13. Nf4 Qd6 14. O-O-O
O-O 15. g3 Rb8 16. Nd3 Rb7 17. Qe2 Re7 18. Qd2 Rfe8 19. Na4 g5 20. Rde1 Qg6 21.
f4 Be6 22. Ne5 Bxe5 23. fxe5 h5 24. Qe2 Rh7 25. Qxa6 Bc8 26. Qe2 Kh8 27. Nc5
Rg8 28. Ref1 Qh6 29. b3 h4 30. gxh4 gxh4 31. Nd3 Ba6 32. Rxf5 h3 33. Rh2 Rg3
34. Rf3 Qg7 35. Rxg3 Qxg3 36. Qf2 Qxf2 37. Nxf2 Bf1 38. Kd2 Rg7 39. Ke1 Rg1 40.
Nxh3 Bxh3+ 41. Kf2 Rc1 42. Kg3 Kg7 43. Kxh3 Re1 44. Kg4 Rxe3 45. Kf5 Re4 46. c3
Re3 47. Ke6 Rxc3 48. Kd7 1-0

[Event "1st League CS 2011"]
[Site "Kraljevo"]
[Date "2011.09.21"]
[Round "6.6"]
[White "Mladenovic, Stefan"]
[Black "Vuckovic, Branko"]
[Result "1/2-1/2"]
[WhiteElo "2137"]
[BlackElo "2271"]
[PlyCount "102"]
[EventDate "2011.09.17"]

1. d4 Nf6 2. Nf3 d5 3. Bf4 Bf5 4. e3 h6 5. h3 e6 6. c4 c6 7. Nc3 Qb6 8. Qb3
Qxb3 9. axb3 Bb4 10. Nd2 Nbd7 11. Be2 Ne4 12. Ndxe4 Bxe4 13. f3 Bc2 14. Bd1 Bh7
15. Kd2 f6 16. Bc2 O-O 17. Bxh7+ Kxh7 18. Ra4 a5 19. c5 e5 20. Bg3 b6 21. cxb6
Nxb6 22. Raa1 a4 23. Kc2 axb3+ 24. Kxb3 Bd6 25. Kc2 Nc4 26. Bf2 Rfb8 27. b3
Rxb3 28. Kxb3 Rb8+ 29. Kc2 Rb2+ 30. Kc1 Rxf2 31. Ra2 Rxa2 32. Nxa2 Nxe3 33.
dxe5 fxe5 34. g4 Kg6 35. Kd2 Nc4+ 36. Ke2 Kg5 37. Rb1 Na3 38. Rb7 g6 39. Nc1
Nb5 40. Nb3 Bc7 41. Ke3 Kh4 42. Nc5 Kxh3 43. Ne6 Ba5 44. Rh7 Bb6+ 45. Ke2 Kg3
46. Rxh6 e4 47. fxe4 dxe4 48. Rxg6 e3 49. Ng7 Nc3+ 50. Kd3 e2 51. Re6 Kf2
1/2-1/2